Cautivado por la Alegría: historia de mi conversión

Պահպանված է:
Մատենագիտական մանրամասներ
Հիմնական հեղինակ: Lewis, C. S (Հեղինակ)
Ձևաչափ: Գիրք
Լեզու:իսպաներեն
Հրապարակվել է: Madrid Encuentro Ediciones 1989
Հրատարակություն:1a. ed
Խորագրեր:
Ցուցիչներ: Ավելացրեք ցուցիչ
Չկան պիտակներ, Եղեք առաջինը, ով նշում է այս գրառումը!

MARC

LEADER 00000cam a2200000 a 4500
001 UCE7336
003 CL-VaPUC
005 20240821123532.0
008 150605e19890000sp |||||||||||||||||spa|d
999 |c 359437  |d 359435 
040 |c Pontificia Universidad Católica de Valparaíso 
082 0 4 |a 808.883  |b LEW  |2 21 
100 |a Lewis, C. S  |e author  |9 328236 
245 1 0 |a Cautivado por la Alegría: historia de mi conversión 
250 |a 1a. ed 
260 |a Madrid  |b Encuentro Ediciones  |c 1989 
300 |a 243 p 
583 |a last modification  |c 20150605 14:50:00  |k Rodrigo Vera 
650 0 |a Autobiografías   |9 265171 
650 0 |a Escritores ingleses  |9 389424 
942 |c BK  |2 ddc 
945 |d 20150605 14:50:00  |a dcastane 
952 |0 0  |1 0  |3 erb  |4 0  |6 808_883000000000000_LEW_1989  |7 0  |8 A  |9 468628  |a BIBEDU  |b BIBEDU  |e Villagrán Garnham, Jorge  |i 5177391  |l 1  |o 808.883 LEW 1989  |p 5177391  |r 2022-05-02  |s 2022-04-21  |w 2019-11-23  |y BK  |z Catalogado en:20150605  |k LIT